000 00656nam a22002417a 4500
001 75247
003 UA-OsUOA
005 20210611154233.0
007 ta
008 20110513b un ||||| |||| 00| 0 ukr d
020 _a9668547314
040 _aUA-OsUOA
_bukr
_cUA-OsUOA
_dUA-OsUOA
041 _aukr
080 _a821.161.2-1
090 _a821.161.2-1
_bН59
100 _aНечуй-Вітер П.
245 _aІ сонцем сповнена душа
_bпоезії
260 _aК.
_bПросвіта
_c2005
300 _a136 с.
650 7 _a82 Література. Літературознавство
_2UDC
942 _cBK
_2udc
955 _a3
999 _c361542
_d361542